000 00968cam a2200337 i 4500
999 _c20841
_d7521
001 20841
003 TR-AnTOB
005 20240926110219.0
007 ta
008 041102s1999 tu 000 0 tur d
020 _a9753162294
040 _aTR-AnTOB
_beng
_erda
_cTR-AnTOB
041 0 _atur
050 _aJA71
_b.S27 1999
090 _aJA71
_b.S27 1999
100 _aSarıbay, Ali Yaşar,
_d1952-
_eauthor
_946667
245 1 0 _aPolitikbilim /
_cA. Yaşar Sarıbay, Süleyman Seyfi Öğün.
250 _a2. bs.
264 1 _aİstanbul :
_bAlfa Basım Yayım,
_c1999.
300 _axvii, 229 p. :
_bill. ;
_c20 cm.
336 _2rdacontent
_atext
_btxt
337 _2rdamedia
_aunmediated
_bn
338 _2rdacarrier
_avolume
_bnc
490 0 _aAlfa Yayınları ;
_a573. Dizi no. 021
504 _aBIB
650 _aSiyaset bilimi
_910800
700 1 _aÖğün, Süleyman Seyfi,
_d1959-
_eauthor
_926302
902 _a0007590
942 _2lcc
_cBK